| 000 | 01812nam a22002657a 4500 | ||
|---|---|---|---|
| 003 | Uzh_bibl | ||
| 008 | 260429b |||||||| |||| 00| 0 ukr d | ||
| 020 | _c1.20 | ||
| 040 | _aукр. | ||
| 041 |
_2ukr _aukr |
||
| 080 | _a821(477) | ||
| 090 |
_a821(477) _bМ 91 |
||
| 100 | _aМуратов, Ігор | ||
| 245 |
_aПоезії _cУпоряд., вступ. ст., прим. А. І. Кацнельсона _hТекст |
||
| 260 |
_aКиїв _bРадянський письменник _c1980 |
||
| 300 |
_a286 c. _fВ опр. |
||
| 490 | _aСерія "Бібліотека поета" | ||
| 520 | _aДо книги увійшли вибрані твори з поетичного доробку Ігоря Муратова (лірика, балади, поетичні цикли, поеми). Відбір здійснено за двотомним виданням 1972 року. Твори були написані в різні роки життя автора. Ліричний герой книги живе глибоким насиченим внутрішнім життям, але не відсторонюється і від злободенних проблем сучасності. | ||
| 521 | _aДля широкого кола читачів | ||
| 546 | _aукр. | ||
| 650 |
_aЛітетатурно-художнє видання _yОхоплюють різні періоди ХХ століття, відображають внутрішній світ людини та реалії сучасності автора _zПодії не мають чіткої локалізації |
||
| 653 |
_aЛюдина _aПочуття _aЧас _aСуспільство _aДумки |
||
| 655 |
_aПоезія (лірика, балади, поеми) _v[Збірник] |
||
| 942 |
_2udc _cBK |
||
| 999 |
_c17550 _d17550 |
||